| 000 -LEADER |
| fixed length control field |
01215nam a22002177a 4500 |
| 003 - CONTROL NUMBER IDENTIFIER |
| control field |
OSt |
| 005 - DATE AND TIME OF LATEST TRANSACTION |
| control field |
20191029062725.0 |
| 008 - FIXED-LENGTH DATA ELEMENTS--GENERAL INFORMATION |
| fixed length control field |
180712b xxu||||| |||| 00| 0 spa d |
| 020 ## - INTERNATIONAL STANDARD BOOK NUMBER |
| International Standard Book Number |
9506792836 |
| 040 ## - CATALOGING SOURCE |
| Transcribing agency |
PJ |
| 100 ## - ASIENTO PRINCIPAL - NOMBRE DE PERSONA |
| Personal name |
De Vega Ruiz, José Augusto |
| 9 (RLIN) |
4172 |
| 245 10 - MENCIÓN DE TÍTULO |
| Título propiamente dicho |
Tratamiento jurídico del S.I.D.A / |
| Parte restante del título |
José Augusto Vega Ruiz. |
| 260 ## - PUBLICATION, DISTRIBUTION, ETC. (IMPRINT) |
| Place of publication, distribution, etc |
Madrid : |
| Name of publisher, distributor, etc |
Colex, |
| Date of publication, distribution, etc |
1992 |
| 300 ## - DESCRIPCION FISICA |
| Extent |
141 p. |
| Dimensions |
20 cm. |
| 490 ## - MENCION DE SERIE |
| Mención de Serie |
Biblioteca Jurídica de Bolsillo |
| Designación numérica/secuencial del volumen |
7 |
| 505 ## - FORMATTED CONTENTS NOTE |
| Formatted contents note |
I. Preámbulo y método explicativo. -- II. Situación actual . Generalidades y conceptos. -- III. El SIDA en el derecho. -- IV. Antecedentes jurídicos de la sentencia del Tribunal Suprema, Sala 2º, única dictada hasta ahora. -- La sentencia del Tribunal Supremo, 18-11-1991. La imprudencia temeraria, la imprudencia profesional, la falta de imprudencia, el despacho de medicamentos deteriorados y la expendición de medicamentos sin observar las disposiciones reglamentarias. -- VI. Trascendencia y consecuencias de la sentencai. -- VII. Panorama del futuro. |
| 650 #0 - ASIENTO SECUNDARIO DE MATERIA - TERMINO TEMATICO |
| 9 (RLIN) |
343 |
| Topical term or geographic name as entry element |
DERECHO PENAL |
| 650 #0 - ASIENTO SECUNDARIO DE MATERIA - TERMINO TEMATICO |
| 9 (RLIN) |
4176 |
| Topical term or geographic name as entry element |
PROPAGACIÓN DE ENFERMEDAD PELIGROSA Y CONTAGIOSA |
| 651 #0 - SUBJECT ADDED ENTRY--GEOGRAPHIC NAME |
| 9 (RLIN) |
455 |
| Geographic name |
ESPAÑA |
| 942 ## - ADDED ENTRY ELEMENTS (KOHA) |
| Source of classification or shelving scheme |
|
| Koha item type |
Libros |
| Classification part |
343.617 |
| Item part |
DEV |